| 000 | 00671nam a2200253Ia 4500 | ||
|---|---|---|---|
| 005 | 20260429112258.0 | ||
| 008 | 260429s9999||||xx |||||||||||||| ||und|| | ||
| 020 | _a9789348596420 | ||
| 041 | _aEnglish | ||
| 082 |
_a634.095 _bGOP |
||
| 100 | _aGopal, K. | ||
| 245 | 0 |
_aExotic fruit crops in India / _cK. Gopal |
|
| 260 |
_aNew Delhi : _bToday & Tomorrow's Printers and Publishers, _c2025. |
||
| 300 | _a204 p.; hb | ||
| 650 | _a Fruit crops | ||
| 650 | _a Horticulture | ||
| 650 | _a India | ||
| 650 | _aExotic fruits | ||
| 700 | _a Hussain, S. Firoz | ||
| 700 | _a Kumar, K. Ajay | ||
| 700 | _a Ramaiah, M. | ||
| 700 | _a Srinivasulu, B. | ||
| 942 | _cTB | ||
| 999 |
_c53273 _d53273 |
||